00683nam a2200217 u 450000100100000000500170001000800410002702000150006804100090008308200200009224500560011225000120016826000630018030000250024350000790026850000210034765000180036865000180038665000230040470000380042700005497020200120222940.0130530s1994 ck a gr 000 0 spa d a95895609700 a*spa04a641.62bG1722100aGastronomía & cerveza /cfotografía Julián :. a1a. ed. aBogotá :bZalamea Fajardo :bZea Brando Editores,c1994. a118 p. :bil., fots. aTitulo de la cubierta : Gastronomia & cerveza : cuatro mil anos de cultura aIncluye glosario17aCerveza2LEMB27aCocina2LEMB.27aGastronomia2lemb.1 aVelázquez, Juliánefotografo.